000 00762nam a2200277Ia 4500
003 OSt
005 20220912145359.0
006 a|||||r|||| 00| 0
007 ta
008 220909b |||||||| |||| 00| 0 eng d
020 _a9780470505885 (pbk)
024 _a108746
037 _cTextual
040 _aCSL
_beng
_cCSL
041 _aeng
082 _aB28ObX, Q1
100 _aBlack Ken
245 0 _aApplied business statistics:making better business decisions
250 _a6
260 _aNew Jersey
_bWiley
_c2011
300 _axxv, 836p.
_ccm.
500 _aAppendices A-B, 765-814p.; Glossary 815-824p.; Index 825-836p.
650 _aStatistics
942 _hB28ObX, Q1
_cTEXL
_2CC
999 _c30289
_d30289